[Event "Invitation 21"]
[Site "http://www.queenalice.com/game.php?id=1595513"]
[Date "2020.1.7"]
[Round "-"]
[White "dave_j"]
[Black "unleadedpencil"]
[Result "1/2-1/2"]
[WhiteElo "1735"]
[BlackElo "1242"]

1. d4 d5 2. Nf3 Bg4 3. e3 Nc6 4. h3 Bf5 5. Bd3 Bg6 6. Bxg6 hxg6 7. Bd2 e6 8. a3
Nge7 9. Bc3 Nf5 10. O-O Bd6 11. Nbd2 g5 12. Nh2 Qd7 13. Ng4 Nh6 14. Ne5 Nxe5 15.
dxe5 Be7 16. g4 O-O-O 17. b4 f5 18. exf6 Bxf6 19. Bxf6 gxf6 20. Nb3 e5 21. Qf3
Qd6 22. Rfd1 e4 23. Qg3 Qxg3+ 24. fxg3 b6 25. Nd4 a6 26. Rf1 Rd6 27. Rac1 Rh7
28. c4 dxc4 29. Rxc4 Kb7 30. Rfc1 Rhd7 31. a4 Re7 32. Kf2 Kc8 33. Ke2 Red7 34.
Nb3 Rd3 35. Nd4 Nf7 36. Rc6 Ra3 37. Rxb6 Rxa4 38. Ne6 Ne5 39. Rc2 Ra3 40. Nd4
Ra1 41. Rxf6 Rh1 42. Rf2 Rxh3 43. Nf5 Nxg4 44. Rg2 Rdh7 45. Nd6+ Kd7 46. Nxe4
Kc8 47. Nxg5 Rh2 48. Rxh2 Rxh2+ 49. Kd3 Rxc2 50. Kxc2 Nxe3+ 51. Kb3 Kd7 52. Ne4
c6 53. Nc5+ Kd6 54. Nxa6 Ng4 55. Kc4 Ne3+ 56. Kb3 Nd5 57. Nb8 Ne7 58. Nxc6 Kxc6
59. Kc4 Kb6 60. g4 Kc6 61. g5 Ng6 62. b5+ Kb6 63. Kb4 Nf4 64. Ka4 Ng6 1/2-1/2

[Event "Invitation 22"]
[Site "http://www.queenalice.com/game.php?id=1595514"]
[Date "2020.1.7"]
[Round "-"]
[White "unleadedpencil"]
[Black "dave_j"]
[Result "1-0"]
[WhiteElo "1212"]
[BlackElo "1741"]

1. e4 c5 2. Nc3 e6 3. Bc4 a6 4. a4 Nc6 5. d3 h6 6. Nf3 Be7 7. d4 cxd4 8. Nxd4
Ne5 9. Be2 Nf6 10. O-O Bb4 11. Na2 Bc5 12. Nb3 O-O 13. Nxc5 b6 14. Nd3 Nxd3 15.
Bxd3 Bb7 16. Qe2 e5 17. Be3 d6 18. f3 Nd7 19. b4 Nb8 20. c4 Nd7 21. Nc3 Nf6 22.
f4 Re8 23. f5 Qd7 24. Bxb6 Rec8 25. Be3 Qd8 26. Bf2 Rc7 27. Bb6 1-0

[Event "Site's Suggest Opponents"]
[Site "http://www.queenalice.com/game.php?id=1598896"]
[Date "2020.2.9"]
[Round "-"]
[White "BobFish"]
[Black "unleadedpencil"]
[Result "1-0"]
[WhiteElo "1670"]
[BlackElo "1284"]

1. e4 e5 2. Nf3 Nc6 3. d4 exd4 4. Nxd4 Nxd4 5. Qxd4 c5 6. Qe5+ Qe7 7. Qxe7+ Bxe7
8. Nc3 d6 9. Bf4 Bd7 10. O-O-O Nf6 11. Bxd6 Bd8 12. Bxc5 Bc6 13. Bc4 Nd7 14. Bd6
Nf6 15. e5 Ng4 16. Rhe1 Nxf2 17. Rd4 Bb6 18. Rf4 Bxg2 19. Rxf7 Ng4 20. Rxg7 Ne3
21. Bf7+ Kd8 22. Kd2 Nc4+ 23. Bxc4 Bf2 24. Re2 1-0

[Event "Invitation 22"]
[Site "http://www.queenalice.com/game.php?id=1599601"]
[Date "2020.2.16"]
[Round "-"]
[White "dave_j"]
[Black "unleadedpencil"]
[Result "1-0"]
[WhiteElo "1782"]
[BlackElo "1256"]

1. d4 d5 2. Nf3 e6 3. e3 c5 4. c4 Nf6 5. Nc3 Qa5 6. Bd2 cxd4 7. Nxd5 Qd8 8.
Nxf6+ Qxf6 9. exd4 Nd7 10. Bd3 Qd8 11. b3 Be7 12. Bc3 Nb6 13. Be2 O-O 14. h3 Bd7
15. O-O f6 16. Qc2 Bc6 17. Qd1 Rc8 18. Re1 Qc7 19. g3 Bd6 20. Kg2 Nd7 21. d5
exd5 22. cxd5 Ba4 23. Bd4 a6 24. Bc4 Bb5 25. Rc1 Qa5 26. Re2 Bxc4 27. Rxc4 Nb6
28. Bxb6 Qxb6 29. Qd3 Bc7 30. Nd4 h5 31. Ne6 Rfe8 32. Nxc7 Rxe2 33. Qxe2 Rxc7
34. Qe8+ Kh7 35. Qxh5+ Kg8 36. Qe8+ Kh7 37. Rh4# 1-0

[Event "Invitation 23"]
[Site "http://www.queenalice.com/game.php?id=1599602"]
[Date "2020.2.16"]
[Round "-"]
[White "unleadedpencil"]
[Black "dave_j"]
[Result "1-0"]
[WhiteElo "1254"]
[BlackElo "1783"]

1. e4 c5 2. Nc3 d6 3. d4 cxd4 4. Nb5 e5 5. Nf3 h6 6. Bd2 Nf6 7. c3 dxc3 8. Nxc3
Nc6 9. Bb5 Bd7 10. O-O a6 11. Ba4 Be7 12. h3 O-O 13. Qc1 Be6 14. Bd1 b5 15. Re1
Nh7 16. Nh2 Rc8 17. Bc2 Nd4 18. Bd3 Bg5 19. Rd1 Bxd2 20. Qxd2 Qd7 21. Ne2 Nxe2+
22. Bxe2 Rfd8 23. Ng4 Rc7 24. Qa5 Qc8 25. Qb6 Rc6 26. Qe3 Qc7 27. a3 Qe7 28. b4
f6 29. a4 Bc4 30. Bxc4+ Rxc4 31. axb5 axb5 32. Rdb1 Qb7 33. Ra7 Qb8 34. Rba1
Rcc8 35. Nxh6+ Kf8 36. Rf7+ Ke8 37. Raa7 1-0

[Event "Invitation 24"]
[Site "http://www.queenalice.com/game.php?id=1602440"]
[Date "2020.3.13"]
[Round "-"]
[White "dave_j"]
[Black "unleadedpencil"]
[Result "1-0"]
[WhiteElo "1747"]
[BlackElo "1314"]

1. d4 d5 2. Nf3 Nc6 3. e3 Bg4 4. h3 Bxf3 5. Qxf3 Nf6 6. Bb5 e6 7. Bxc6+ bxc6 8.
Nc3 Bb4 9. Bd2 O-O 10. a3 Bxc3 11. Bxc3 Re8 12. b4 e5 13. dxe5 Ne4 14. Bd4 Ng5
15. Qg4 Re6 16. Qe2 Re8 17. f3 Ne6 18. h4 h5 19. f4 Nxd4 20. exd4 Qe7 21. Qxh5
f6 22. O-O Rf8 23. Rae1 Qf7 24. Qxf7+ Kxf7 25. e6+ Ke7 26. f5 Rh8 27. g3 Rh6 28.
Kg2 Rah8 29. Rf4 g5 30. Rg4 R8h7 31. Kh3 a6 32. Rc1 Rh8 33. c4 Rc8 34. cxd5 cxd5
35. Rc6 Rh7 36. Rxa6 1-0

[Event "Invitation 25"]
[Site "http://www.queenalice.com/game.php?id=1602441"]
[Date "2020.3.13"]
[Round "-"]
[White "unleadedpencil"]
[Black "dave_j"]
[Result "1-0"]
[WhiteElo "1284"]
[BlackElo "1775"]

1. e4 c5 2. c4 e5 3. Nc3 Nf6 4. d3 d6 5. Bg5 Be7 6. Be2 Be6 7. Nf3 h6 8. Bh4 a6
9. h3 Nc6 10. O-O Qd7 11. a3 Nh7 12. Qd2 Bxh4 13. Nxh4 g5 14. Nf3 Rg8 15. Nd5
Bxd5 16. cxd5 Ne7 17. Rfc1 Ng6 18. b4 b6 19. bxc5 dxc5 20. Bd1 Qd6 21. Ba4+ b5
22. Bc2 Nf4 23. Bb3 f6 24. Qc2 Rc8 25. a4 b4 26. d4 c4 27. Bxc4 Rg7 28. Bb5+ 1-0

[Event "Invitation 26"]
[Site "http://www.queenalice.com/game.php?id=1607689"]
[Date "2020.4.15"]
[Round "-"]
[White "dave_j"]
[Black "unleadedpencil"]
[Result "0-1"]
[WhiteElo "1800"]
[BlackElo "1312"]

1. e4 e6 2. d4 d5 3. e5 c5 4. c3 Ne7 5. Nf3 b6 6. Bd2 Nec6 7. Bb5 Ba6 8. Bxa6
Nxa6 9. Be3 Nc7 10. O-O Be7 11. Nbd2 O-O 12. a3 Ne8 13. h3 f6 14. exf6 Nxf6 15.
Qe1 Ne4 16. Nxe4 dxe4 17. Nd2 cxd4 18. cxd4 Nxd4 19. Bxd4 Qxd4 20. Rb1 Bh4 21.
Qe3 Bxf2+ 22. Qxf2 Rxf2 23. Rxf2 e3 0-1

[Event "Invitation 27"]
[Site "http://www.queenalice.com/game.php?id=1607690"]
[Date "2020.4.15"]
[Round "-"]
[White "unleadedpencil"]
[Black "dave_j"]
[Result "0-1"]
[WhiteElo "1342"]
[BlackElo "1782"]

1. d4 d5 2. Nf3 Nf6 3. Bg5 e6 4. e3 Be7 5. Nbd2 h6 6. Bh4 a6 7. Bd3 b5 8. O-O
Bb7 9. c3 c6 10. Re1 Nbd7 11. e4 dxe4 12. Nxe4 Nxe4 13. Bxe4 Bxh4 14. Nxh4 Qxh4
15. Qf3 O-O 16. Bxc6 Bxc6 17. Qxc6 Nf6 18. Qf3 Nd5 19. Re4 Qe7 20. Rae1 Rac8 21.
a3 Qd7 22. Qg3 Qc7 23. Re5 Nb6 24. f4 Nc4 25. Rc5 Qd7 26. Rh5 Kh7 27. Qf2 g6 28.
Rh3 f5 29. Rd1 h5 30. Qe2 Nb6 31. Rdd3 Qg7 32. Rdg3 Qh6 33. Qxe6 Rce8 34. Qd6
Nc8 35. Qc6 Re1+ 36. Kf2 Re4 37. Rg5 Rxf4+ 0-1

[Event "Challenge"]
[Site "http://www.queenalice.com/game.php?id=1614283"]
[Date "2020.5.28"]
[Round "-"]
[White "unleadedpencil"]
[Black "dave_j"]
[Result "0-1"]
[WhiteElo "1340"]
[BlackElo "1923"]

1. e4 c5 2. Nc3 d6 3. Bc4 e6 4. d4 b6 5. Nf3 Be7 6. O-O Bb7 7. d5 e5 8. Bd2 Ba6
9. Nb5 h6 10. Qe2 Nf6 11. Nxd6+ Bxd6 12. Bxa6 Nxa6 13. Qxa6 Nxe4 14. Be3 O-O 15.
Qd3 f5 16. Rfe1 Ng5 17. Bxg5 hxg5 18. Nxe5 Qc7 19. Qc3 Rfe8 20. Nf3 g4 21. Rxe8+
Rxe8 22. Nh4 Bxh2+ 23. Kf1 Be5 24. Qd3 Bxb2 25. Rd1 Qh2 26. f3 Bd4 0-1

[Event "Challenge"]
[Site "http://www.queenalice.com/game.php?id=1614284"]
[Date "2020.5.28"]
[Round "-"]
[White "dave_j"]
[Black "unleadedpencil"]
[Result "1-0"]
[WhiteElo "1940"]
[BlackElo "1338"]

1. d4 d5 2. Nf3 e6 3. c3 c5 4. dxc5 Bxc5 5. e3 Nf6 6. Bb5+ Bd7 7. Bxd7+ Nbxd7 8.
b4 Bb6 9. Nbd2 O-O 10. h3 Rc8 11. Bb2 h6 12. a3 a6 13. Rc1 e5 14. O-O e4 15. Nd4
Ne5 16. N2b3 Nd3 17. Rc2 Rc4 18. Nc1 Nxb2 19. Rxb2 Rxc3 20. Rb3 Qc7 21. Nce2
Rxb3 22. Qxb3 Qd7 23. Rd1 Rd8 24. a4 Ne8 25. a5 Ba7 26. Rc1 Nc7 27. Qb2 b5 28.
Nc6 Ra8 29. Nxa7 Rxa7 30. Rd1 Ra8 31. Nc3 Rd8 32. Rd2 Qe6 33. Ne2 f5 34. Nf4 Qf7
35. Ne2 g5 36. Qd4 h5 37. Qe5 Qf8 38. Qxc7 Rc8 39. Qe5 1-0

[Event "Challenge"]
[Site "http://www.queenalice.com/game.php?id=1620240"]
[Date "2020.7.13"]
[Round "-"]
[White "unleadedpencil"]
[Black "dave_j"]
[Result "0-1"]
[WhiteElo "1340"]
[BlackElo "1953"]

1. d4 d5 2. Nf3 Nf6 3. Bg5 e6 4. e3 Bd6 5. Bd3 h6 6. Bh4 g5 7. Bg3 Bxg3 8. fxg3
a6 9. c3 Nc6 10. O-O Qe7 11. Nbd2 Bd7 12. Re1 O-O-O 13. e4 Qf8 14. b4 Na7 15.
exd5 Nxd5 16. Ne5 Nxc3 17. Qc2 Nd5 18. Qc5 Kb8 19. a4 Qxc5 20. bxc5 Rhf8 21. Ra3
Nc6 22. Rb1 Ncb4 23. Nxd7+ Rxd7 24. Bc4 a5 25. Rab3 c6 26. Ne4 f5 27. Bxd5 exd5
28. Nf2 Re7 29. Nd3 Nc2 30. Ne5 Rf6 31. R1b2 Nxd4 32. Rb6 Rfe6 33. Nf3 Nxf3+ 34.
gxf3 Re3 35. Rxc6 Re1+ 36. Kf2 R7e2+ 37. Rxe2 Rxe2+ 38. Kxe2 bxc6 39. f4 Kc7 40.
fxg5 hxg5 41. Ke3 Kd7 42. Kd4 Ke6 43. h3 Kf6 44. g4 fxg4 45. hxg4 Ke6 0-1

[Event "Challenge"]
[Site "http://www.queenalice.com/game.php?id=1620241"]
[Date "2020.7.13"]
[Round "-"]
[White "dave_j"]
[Black "unleadedpencil"]
[Result "1-0"]
[WhiteElo "1951"]
[BlackElo "1342"]

1. e4 e6 2. d4 d5 3. e5 c5 4. Be3 Qb6 5. b3 Bd7 6. Nf3 Nc6 7. Nc3 f6 8. Na4 Qc7
9. dxc5 Nxe5 10. Be2 Nxf3+ 11. Bxf3 Bxa4 12. bxa4 Bxc5 13. Bxc5 Qxc5 14. O-O Ne7
15. Qd3 e5 16. Qb3 b6 17. Rad1 Rd8 18. h3 e4 19. Be2 O-O 20. Kh1 Nc6 21. c3 Na5
22. Qc2 Nc4 23. Bxc4 Qxc4 24. Rc1 Rd7 25. Rfd1 Rfd8 26. Rd4 Qc8 27. Qb3 h6 28.
Rxe4 Rf7 29. Rd4 Rfd7 30. Rg4 Kh8 31. Qc2 Rc7 32. Rg3 d4 33. Qg6 dxc3 34. Kh2 c2
35. Rxc2 Rdd7 36. Re2 Rf7 37. Rge3 Rf8 38. Re8 Rxe8 39. Rxe8+ Qxe8 40. Qxe8+ Kh7
41. f3 1-0

[Event "Challenge"]
[Site "http://www.queenalice.com/game.php?id=1622037"]
[Date "2020.7.29"]
[Round "-"]
[White "unleadedpencil"]
[Black "kd4hls"]
[Result "0-1"]
[WhiteElo "1353"]
[BlackElo "1478"]

1. d4 d5 2. Nf3 Bg4 3. Bg5 Nf6 4. Nbd2 e6 5. e3 Be7 6. Be2 O-O 7. h3 Bf5 8. c4
Ne4 9. Bxe7 Qxe7 10. cxd5 exd5 11. Ne5 Nc6 12. Nxc6 bxc6 13. Nxe4 Bxe4 14. O-O
Rab8 15. b3 c5 16. Rc1 c6 17. dxc5 a5 18. f3 Bf5 19. Qd2 Qh4 20. Bd3 Be6 21. Qf2
Qb4 22. e4 Rfd8 23. Rc2 a4 24. bxa4 Qxa4 25. Qh4 Qd4+ 26. Kh1 Qxd3 27. Rcc1 dxe4
28. Rcd1 Qxd1 29. Rxd1 Rxd1+ 30. Kh2 exf3 31. Qf4 Rb2 32. Qxf3 Bd5 33. Qg4 Rxg2+
0-1

[Event "Challenge"]
[Site "http://www.queenalice.com/game.php?id=1623471"]
[Date "2020.8.11"]
[Round "-"]
[White "Renie"]
[Black "unleadedpencil"]
[Result "0-1"]
[WhiteElo "1100"]
[BlackElo "1338"]

1. c4 d5 2. e3 e6 3. Nf3 c5 4. g3 Ne7 5. d3 Nbc6 6. Qc2 Ng6 7. a3 Be7 8. Bg2 e5
9. Qa4 Bd7 10. Qc2 Bg4 11. b3 d4 12. exd4 O-O 13. Nxe5 Nxd4 14. Qb2 Nxe5 15. O-O
Bf6 16. Be3 Ne2+ 17. Kh1 Nxd3 18. Qd2 Bxa1 19. Rd1 Nxf2+ 20. Bxf2 Nd4 21. Bxb7
Rb8 22. Re1 Rxb7 23. Qa2 Bf5 24. Qxa1 Nc2 25. Qa2 Nxe1 26. Bxe1 Be4+ 27. Kg1
Qd4+ 28. Qf2 Rd8 29. Nc3 Qxf2+ 30. Bxf2 Bf3 31. Bxc5 Rxb3 32. Nb5 Rd2 0-1

[Event "Challenge"]
[Site "http://www.queenalice.com/game.php?id=1624837"]
[Date "2020.8.24"]
[Round "-"]
[White "dave_j"]
[Black "unleadedpencil"]
[Result "0-1"]
[WhiteElo "1927"]
[BlackElo "1374"]

1. d4 d5 2. Nf3 e6 3. e3 c5 4. Bb5+ Bd7 5. Bxd7+ Nxd7 6. Bd2 Qb6 7. Bc3 Ngf6 8.
Nbd2 Be7 9. h3 O-O 10. b3 Rac8 11. O-O cxd4 12. Bxd4 Bc5 13. a4 Bxd4 14. Nxd4 e5
15. Ne2 Rc7 16. c3 e4 17. Rc1 Rfc8 18. Nb1 Ne5 19. b4 Nd3 20. Rc2 Nd7 21. Nd4 a6
22. a5 Qg6 23. f3 N7e5 24. f4 Nc4 25. g4 Nxe3 26. Qe2 Nxc2 0-1

[Event "Challenge"]
[Site "http://www.queenalice.com/game.php?id=1624838"]
[Date "2020.8.24"]
[Round "-"]
[White "unleadedpencil"]
[Black "dave_j"]
[Result "1-0"]
[WhiteElo "1344"]
[BlackElo "1955"]

1. d4 d5 2. Nf3 Nf6 3. Bg5 e6 4. e3 Be7 5. Bd3 h6 6. Bh4 Bd7 7. Nbd2 Nc6 8. a3
O-O 9. O-O Nh5 10. Bxe7 Qxe7 11. Re1 a6 12. e4 dxe4 13. Nxe4 b6 14. Nfd2 Nxd4
15. Qxh5 f5 16. Nc3 Be8 17. Qh3 Bc6 18. Ne2 Nxe2+ 19. Rxe2 Qf6 20. Nc4 Rad8 21.
Ne5 Qxe5 22. Rxe5 1-0

[Event "Challenge"]
[Site "http://www.queenalice.com/game.php?id=1626439"]
[Date "2020.9.10"]
[Round "-"]
[White "unleadedpencil"]
[Black "dave_j"]
[Result "0-1"]
[WhiteElo "1404"]
[BlackElo "1912"]

1. d4 d5 2. Nf3 h6 3. Bf4 e6 4. e3 Nc6 5. Nbd2 Bd6 6. Bxd6 Qxd6 7. c3 Nf6 8. Bd3
a6 9. O-O Bd7 10. Re1 O-O-O 11. Nb3 e5 12. e4 dxe4 13. dxe5 Nxe5 14. Nxe5 Qxe5
15. Nd2 Bc6 16. f3 Rxd3 17. f4 Qxf4 18. Rf1 Qxd2 19. Qb3 e3 20. Qxf7 Qxg2# 0-1

[Event "Challenge"]
[Site "http://www.queenalice.com/game.php?id=1626440"]
[Date "2020.9.10"]
[Round "-"]
[White "dave_j"]
[Black "unleadedpencil"]
[Result "0-1"]
[WhiteElo "1914"]
[BlackElo "1402"]

1. e4 e6 2. Nf3 d5 3. exd5 exd5 4. d4 Bg4 5. h3 Bh5 6. Be2 Nc6 7. c3 Qe7 8. O-O
O-O-O 9. Re1 Qd6 10. Na3 Kb8 11. Nb5 Qd7 12. Bf4 Rc8 13. Bxc7+ Rxc7 14. Nxc7
Qxc7 15. Qb3 Nf6 16. g4 Bg6 17. g5 Ne4 18. Qxd5 Ng3 19. fxg3 Qxg3+ 20. Kh1 Bd6
21. Bf1 Bh5 22. Ne5 Nxe5 23. Qxd6+ Ka8 24. Bg2 Bf3 25. Rg1 Qxh3# 0-1

[Event "Challenge"]
[Site "http://www.queenalice.com/game.php?id=1627916"]
[Date "2020.9.23"]
[Round "-"]
[White "unleadedpencil"]
[Black "dave_j"]
[Result "1-0"]
[WhiteElo "1432"]
[BlackElo "1861"]

1. d4 d5 2. Nf3 Nf6 3. Bg5 e6 4. e3 h6 5. Bh4 Be7 6. Bd3 Nc6 7. c3 Bd7 8. Nbd2
Nh7 9. Bxe7 Qxe7 10. O-O a6 11. Re1 Ng5 12. e4 dxe4 13. Nxe4 O-O-O 14. a4 Nxe4
15. Bxe4 Qf8 16. Re3 f5 17. Bxc6 bxc6 18. Qd3 Qf6 19. Rae1 Kb7 20. Ne5 Bc8 21.
Qc4 Bd7 22. Qb4+ Ka7 23. Nxc6+ Bxc6 24. Qc5+ Kb7 25. Rxe6 Rhe8 26. Qxc6+ Kb8 27.
Qxa6 Rxe6 28. Rxe6 Qg5 29. g3 Qc1+ 30. Kg2 Qxb2 31. Re5 Rd6 32. Rb5+ 1-0

[Event "Challenge"]
[Site "http://www.queenalice.com/game.php?id=1627917"]
[Date "2020.9.23"]
[Round "-"]
[White "dave_j"]
[Black "unleadedpencil"]
[Result "1-0"]
[WhiteElo "1847"]
[BlackElo "1462"]

1. e4 e6 2. d4 d5 3. e5 c5 4. Be3 Qb6 5. b3 Bd7 6. Nf3 Nc6 7. c3 c4 8. b4 Nge7
9. g3 Nf5 10. a4 Nxe3 11. fxe3 Ne7 12. Bh3 Nc6 13. a5 Qd8 14. Nbd2 Be7 15. Qc2
a6 16. Nf1 b5 17. Bg2 Qc7 18. N3d2 O-O-O 19. O-O-O f6 20. Nf3 fxe5 21. dxe5 Nxe5
22. Nxe5 Qxe5 23. Kb2 g6 24. Re1 g5 25. Nd2 Rdf8 26. Rhf1 h6 27. Rxf8+ Rxf8 28.
Nf3 Qg7 29. e4 Kd8 30. exd5 exd5 31. Nd4 Qf7 32. Rf1 Qg7 33. Re1 Bf6 34. Rd1
Bxd4 35. Rxd4 Kc7 36. Bxd5 Bf5 37. Qd2 Bd3 38. Qg2 Bf1 39. Qg1 Bd3 40. Rxd3 cxd3
41. Qb6+ Kc8 42. Be6+ 1-0